[Event "Sao Paulo Salles Cup 7th"]
[Site "Sao Paulo"]
[Date "2016.03.20"]
[Round "6"]
[White "De Castro, Andre Goncalves"]
[Black "Itagyba, Renan Fortes"]
[Result "1/2-1/2"]
[WhiteElo "1758"]
[BlackElo "1614"]
[PlyCount "72"]
[EventDate "2016.03.18"]
[EventType "swiss"]
[EventRounds "6"]
[EventCountry "BRA"]
[SourceTitle "CBM 171 Extra"]
[Source "ChessBase"]
[SourceDate "2016.04.26"]
[SourceVersion "1"]
[SourceVersionDate "2016.04.26"]
[SourceQuality "1"]

1. e4 c6 2. d4 d5 3. e5 Bf5 4. h4 h6 5. g4 Bh7 6. e6 fxe6 7. Bd3 Bxd3 8. Qxd3 Qc7 9. f4 Nd7 10. Nf3 0-0-0 11. Ne5 Nxe5 12. fxe5 c5 13. c3 cxd4 14. cxd4 Qxc1+ 15. Qd1 Qxd1+ 16. Kxd1 g6 17. Rf1 Rh7 18. Nd2 Bg7 19. Nb3 Rf8 20. Kd2 h5 21. Rxf8+ Bxf8 22. Rf1 Bg7 23. g5 Nh6 24. gxh6 Bxh6+ 25. Ke2 b6 26. Nd2 Rh8 27. Rg1 Rg8 28. Nf3 Kd7 29. Kd3 Ke8 30. Rg2 Kf7 31. Rc2 a5 32. a4 Rb8 33. Rc6 b5 34. axb5 Rxb5 35. Kc3 Rb4 36. b3 Rb5 1/2-1/2

[Event "Sao Paulo Salles Cup 7th"]
[Site "Sao Paulo"]
[Date "2016.03.20"]
[Round "5"]
[White "De Castro, Andre Goncalves"]
[Black "Vieira, Alexandre Letizio"]
[Result "1/2-1/2"]
[WhiteElo "1758"]
[BlackElo "1925"]
[PlyCount "48"]
[EventDate "2016.03.18"]
[EventType "swiss"]
[EventRounds "6"]
[EventCountry "BRA"]
[SourceTitle "CBM 171 Extra"]
[Source "ChessBase"]
[SourceDate "2016.04.26"]
[SourceVersion "1"]
[SourceVersionDate "2016.04.26"]
[SourceQuality "1"]

1. e4 c5 2. Nf3 g6 3. Bc4 Nc6 4. c3 Bg7 5. d4 cxd4 6. cxd4 e6 7. Nc3 Qb6 8. e5 Na5 9. Bd3 a6 10. Ne4 Bf8 11. 0-0 d5 12. exd6 Bxd6 13. Be3 Qd8 14. Nxd6+ Qxd6 15. Ne5 Nc6 16. f4 f5 17. Qa4 Nge7 18. Nc4 Qd8 19. Qa3 0-0 20. Qd6 Nd5 21. Rfe1 Qxd6 22. Nxd6 Rd8 23. Nxc8 Raxc8 24. Bc4 b5 1/2-1/2

[Event "Sao Paulo Salles Cup 7th"]
[Site "Sao Paulo"]
[Date "2016.03.19"]
[Round "4"]
[White "Salama, Andre Sasson"]
[Black "De Castro, Andre Goncalves"]
[Result "1-0"]
[WhiteElo "2001"]
[BlackElo "1758"]
[PlyCount "111"]
[EventDate "2016.03.18"]
[EventType "swiss"]
[EventRounds "6"]
[EventCountry "BRA"]
[SourceTitle "CBM 171 Extra"]
[Source "ChessBase"]
[SourceDate "2016.04.26"]
[SourceVersion "1"]
[SourceVersionDate "2016.04.26"]
[SourceQuality "1"]

1. e4 d5 2. exd5 Nf6 3. d4 Nxd5 4. Bd3 Nc6 5. c3 g6 6. Nf3 Bg7 7. 0-0 0-0 8. Re1 Re8 9. a3 e5 10. dxe5 Nxe5 11. Nxe5 Rxe5 12. Rxe5 Bxe5 13. Qf3 c6 14. Nd2 Qf6 15. Qxf6 Nxf6 16. Nf3 Bc7 17. h3 Be6 18. Bg5 Nd5 19. Nd4 Kg7 20. Nxe6+ fxe6 21. Re1 Re8 22. g3 h6 23. Bd2 e5 24. c4 Nf6 25. Bc3 Kf7 26. Kg2 b6 27. Bc2 c5 28. b4 g5 29. Rd1 Re7 30. Bf5 Ne8 31. Be4 Nf6 32. Bc6 Ne8 33. Bxe8+ Rxe8 34. Rd7+ Re7 35. Rxe7+ Kxe7 36. Kf3 h5 37. Bd2 Kf6 38. Ke4 cxb4 39. axb4 a5 40. Kd5 a4 41. Kc6 Bd8 42. g4 hxg4 43. hxg4 Ke6 44. Bc1 e4 45. Kb5 Ke5 46. Kxa4 Kd4 47. Kb5 Kd3 48. Be3 Ke2 49. Kc6 Be7 50. c5 bxc5 51. bxc5 Kf3 52. Kd5 Bf6 53. Ke6 Bc3 54. c6 Ba5 55. Kf5 Bd8 56. Bd4 1-0

[Event "Sao Paulo Salles Cup 7th"]
[Site "Sao Paulo"]
[Date "2016.03.19"]
[Round "3"]
[White "Sato, Claudio Takeshi"]
[Black "De Castro, Andre Goncalves"]
[Result "0-1"]
[WhiteElo "1427"]
[BlackElo "1758"]
[PlyCount "62"]
[EventDate "2016.03.18"]
[EventType "swiss"]
[EventRounds "6"]
[EventCountry "BRA"]
[SourceTitle "CBM 171 Extra"]
[Source "ChessBase"]
[SourceDate "2016.04.26"]
[SourceVersion "1"]
[SourceVersionDate "2016.04.26"]
[SourceQuality "1"]

1. e4 d5 2. exd5 Nf6 3. c4 e6 4. Nc3 exd5 5. Nf3 Be6 6. cxd5 Nxd5 7. Be2 Bd6 8. Nd4 Nf4 9. Nxe6 Nxe6 10. d4 c6 11. 0-0 Nxd4 12. Bd3 0-0 13. Qh5 g6 14. Qh3 Ne6 15. Ne4 Be7 16. Bh6 Re8 17. Rad1 Qc7 18. Qf3 Nd7 19. Bc4 Ndf8 20. Rfe1 Rad8 21. Rxd8 Qxd8 22. Rd1 Qc7 23. Nf6+ Bxf6 24. Qxf6 Qe7 25. Qc3 Rd8 26. Re1 Rd6 27. h3 a6 28. Bf4 Rd7 29. Bg5 Qxg5 30. Re5 Rd1+ 31. Kh2 Qf4+ 0-1

[Event "Sao Paulo Salles Cup 7th"]
[Site "Sao Paulo"]
[Date "2016.03.18"]
[Round "2"]
[White "De Castro, Andre Goncalves"]
[Black "Mendes, Rodrigo Machado"]
[Result "0-1"]
[WhiteElo "1758"]
[BlackElo "1902"]
[PlyCount "40"]
[EventDate "2016.03.18"]
[EventType "swiss"]
[EventRounds "6"]
[EventCountry "BRA"]
[SourceTitle "CBM 171 Extra"]
[Source "ChessBase"]
[SourceDate "2016.04.26"]
[SourceVersion "1"]
[SourceVersionDate "2016.04.26"]
[SourceQuality "1"]

1. e4 c5 2. Nf3 Nc6 3. Bb5 g6 4. Bxc6 dxc6 5. c4 Bg7 6. 0-0 e5 7. Nc3 Ne7 8. a3 a5 9. h3 0-0 10. d3 b6 11. Be3 Ra7 12. Qb3 Be6 13. Rad1 h6 14. Na4 Nc8 15. Nh2 Rd7 16. f3 f5 17. f4 exf4 18. Bc1 Bd4+ 19. Kh1 fxe4 20. dxe4 b5 0-1

[Event "Florianopolis op 2nd"]
[Site "Florianopolis"]
[Date "2016.01.19"]
[Round "6"]
[White "De Castro, Andre Goncalves"]
[Black "Pereira, Geanfrancesco"]
[Result "1-0"]
[WhiteElo "1794"]
[BlackElo "2028"]
[PlyCount "111"]
[EventDate "2016.01.16"]
[EventType "swiss"]
[EventRounds "10"]
[EventCountry "BRA"]
[SourceTitle "CBM 170 Extra"]
[Source "ChessBase"]
[SourceDate "2016.02.25"]
[SourceVersion "1"]
[SourceVersionDate "2016.02.25"]
[SourceQuality "1"]

1. d4 Nf6 2. Nf3 e6 3. c4 c5 4. e3 d5 5. Nc3 a6 6. dxc5 Bxc5 7. cxd5 exd5 8. a3 a5 9. Bb5+ Nc6 10. Ne5 Qc7 11. Nd3 Bd6 12. Ba4 Qe7 13. Nb5 Bb8 14. Nd4 Bd7 15. Nxc6 bxc6 16. 0-0 Bxh2+ 17. Kxh2 Ng4+ 18. Kg1 Qh4 19. Re1 0-0 20. Qf3 Qh2+ 21. Kf1 Nf6 22. Qg3 Qh1+ 23. Ke2 Qh5+ 24. f3 Rfe8 25. Nf2 d4 26. Kf1 Qc5 27. b3 dxe3 28. Ne4 Nxe4 29. fxe4 Rxe4 30. Bxe3 Qh5 31. Bg1 Qf5+ 32. Bf2 Rg4 33. Re5 Qg6 34. Qf3 Qh6 35. Rae1 Rf4 36. Qe3 g6 37. g3 Qh3+ 38. Ke2 Rf5 39. Rxf5 Qxf5 40. Kd2 Be6 41. Kc1 Rd8 42. Kb2 Rd3 43. Qe2 Qf6+ 44. Kb1 Bf5 45. Ka2 h5 46. Be3 Qc3 47. Bc1 Be6 48. Kb1 Rxg3 49. Rd1 Bf5+ 50. Ka2 Qc2+ 51. Qxc2 Bxc2 52. Rd8+ Kh7 53. Bb2 g5 54. Bxc6 Bxb3+ 55. Kb1 h4 56. Be4+ 1-0

[Event "Florianopolis op 2nd"]
[Site "Florianopolis"]
[Date "2016.01.17"]
[Round "3"]
[White "Kikuchi Cadilhac, Mariana Sawae"]
[Black "De Castro, Andre Goncalves"]
[Result "0-1"]
[WhiteElo "1528"]
[BlackElo "1794"]
[PlyCount "58"]
[EventDate "2016.01.16"]
[EventType "swiss"]
[EventRounds "10"]
[EventCountry "BRA"]
[SourceTitle "CBM 170 Extra"]
[Source "ChessBase"]
[SourceDate "2016.02.25"]
[SourceVersion "1"]
[SourceVersionDate "2016.02.25"]
[SourceQuality "1"]

1. e4 d5 2. exd5 Nf6 3. Nf3 Nxd5 4. Bc4 Nb6 5. Bb3 Nc6 6. d4 g6 7. Ne5 Nxe5 8. dxe5 Qxd1+ 9. Kxd1 Bg7 10. Re1 Bf5 11. c3 Nd7 12. e6 fxe6 13. Bxe6 Nc5 14. Bxf5 gxf5 15. Kc2 e5 16. Bf4 Nd7 17. Bxe5 Nxe5 18. f4 Kf7 19. fxe5 Rhe8 20. Nd2 Rxe5 21. Rxe5 Bxe5 22. Nf3 Re8 23. Re1 Bd6 24. Rxe8 Kxe8 25. a3 Kf7 26. Kd3 Kf6 27. Nd4 a6 28. Ne2 Kg5 29. Ke3 Kg4 0-1

[Event "Sao Paulo ECP op 6th"]
[Site "Sao Paulo"]
[Date "2015.10.25"]
[Round "5"]
[White "Gazola, Vanessa Ramos"]
[Black "De Castro, Andre Goncalves"]
[Result "1-0"]
[WhiteElo "1984"]
[BlackElo "1804"]
[PlyCount "31"]
[EventDate "2015.10.23"]
[EventType "swiss"]
[EventRounds "6"]
[EventCountry "BRA"]
[SourceTitle "CBM 169 Extra"]
[Source "ChessBase"]
[SourceDate "2015.12.18"]
[SourceVersion "1"]
[SourceVersionDate "2015.12.18"]
[SourceQuality "1"]

1. d4 d5 2. c4 Bf5 3. cxd5 Bxb1 4. Qa4+ c6 5. Rxb1 Qxd5 6. f3 Nf6 7. e4 Nxe4 8. Bc4 Qf5 9. fxe4 Qxe4+ 10. Ne2 Qxb1 11. Qb3 Na6 12. Bd3 Qa1 13. 0-0 f6 14. Bf4 Qxf1+ 15. Kxf1 e5 16. Qxb7 1-0

[Event "Sao Paulo ECP op 6th"]
[Site "Sao Paulo"]
[Date "2015.10.24"]
[Round "3"]
[White "Itagyba, Renan Fortes"]
[Black "De Castro, Andre Goncalves"]
[Result "1-0"]
[WhiteElo "1508"]
[BlackElo "1804"]
[PlyCount "49"]
[EventDate "2015.10.23"]
[EventType "swiss"]
[EventRounds "6"]
[EventCountry "BRA"]
[SourceTitle "CBM 169 Extra"]
[Source "ChessBase"]
[SourceDate "2015.12.18"]
[SourceVersion "1"]
[SourceVersionDate "2015.12.18"]
[SourceQuality "1"]

1. c4 e6 2. d3 d5 3. cxd5 exd5 4. Nf3 Nf6 5. g3 Bf5 6. Bg2 c6 7. 0-0 Bd6 8. Nc3 0-0 9. a3 a5 10. Qb3 Qc7 11. Bg5 Nbd7 12. Rad1 Nc5 13. Qc2 Nfd7 14. e4 dxe4 15. dxe4 Bg4 16. Rc1 Ne6 17. Be3 Rfd8 18. Rfe1 Rac8 19. Nd4 Nxd4 20. Bxd4 Bc5 21. Be3 Bxe3 22. Rxe3 Be6 23. Ne2 Qb6 24. Nf4 Bb3 25. Qxb3 1-0

[Event "Sao Paulo op-B 3rd"]
[Site "Sao Paulo"]
[Date "2015.09.17"]
[Round "1"]
[White "De Castro, Andre Goncalves"]
[Black "Gazola, Vanessa Ramos"]
[Result "1-0"]
[WhiteElo "1700"]
[BlackElo "2007"]
[PlyCount "61"]
[EventDate "2015.09.17"]
[EventType "swiss"]
[EventRounds "6"]
[EventCountry "BRA"]
[SourceTitle "EXT 2016"]
[Source "ChessBase"]
[SourceDate "2015.10.08"]
[SourceVersion "1"]
[SourceVersionDate "2015.10.08"]
[SourceQuality "1"]

1. d4 Nf6 2. c4 g6 3. Nc3 d5 4. cxd5 Nxd5 5. e4 Nxc3 6. bxc3 Bg7 7. Rb1 c5 8. Nf3 0-0 9. Be2 Nc6 10. d5 Ne5 11. Bd2 f5 12. Nxe5 Bxe5 13. Bf3 Qd6 14. g3 Qf6 15. 0-0 b6 16. c4 f4 17. Rb3 b5 18. Rxb5 Bh3 19. Bg2 Bxg2 20. Kxg2 f3+ 21. Kh1 g5 22. Qc1 h6 23. Rxc5 Qg6 24. Rc6 Qh5 25. Rg1 Rac8 26. Re6 Bd6 27. e5 Bc5 28. Be3 Bxe3 29. Qxe3 Rxc4 30. Rxe7 Rfc8 31. Qd3 1-0